MARC

Tag First Indicator Second Indicator Subfields
LEADER 00000cam a2200000Ia 4500
001 in00004064413
005 20211120102413.0
006 m o d f
007 cr cn|||||||||
008 090116s2006 mdua ob f100 0 eng d
024 8 |a GOVPUB-C13-78bb62e229a48b4f2770dfa2a0e49444 
035 |a (OCoLC)ocn298563293 
040 |a NBS  |b eng  |c NBS  |d OCLCQ  |d OCLCO  |d OCLCQ  |d OCLCF  |d MvI  |d UtOrBLW 
049 |a WWW 
074 |a 0247-D (online) 
086 0 |a C 13.58:7377 
100 1 |a Dvornychenko, V. N. 
245 1 0 |a Summary of NIST latent fingerprint testing workshop /  |c V.N. Dvornychenko, Michael D. Garris. 
264 1 |a [Gaithersburg, MD] :  |b U.S. Dept. of Commerce, National Institute of Standards and Technology,  |c [2006] 
300 |a 1 online resource ([ii], 25 pages) :  |b illustrations (some color). 
336 |a text  |b txt  |2 rdacontent 
337 |a computer  |b c  |2 rdamedia 
338 |a online resource  |b cr  |2 rdacarrier 
490 1 |a NISTIR ;  |v 7377 
500 |a Contributed record: Metadata reviewed, not verified. Some fields updated by batch processes. 
500 |a Title from page 1, viewed January 16, 2009. 
504 |a Includes bibliographical references (pages 24-25). 
500 |a Electronic resource. 
650 0 |a Biometric identification  |v Congresses.  |0 http://id.loc.gov/authorities/subjects/sh2009117104 
650 0 |a Fingerprints  |x Identification  |x Automation  |v Congresses. 
650 7 |a Biometric identification.  |2 fast  |0 (OCoLC)fst00832607 
655 7 |a Conference papers and proceedings.  |2 fast  |0 (OCoLC)fst01423772 
700 1 |a Garris, Michael D.  |0 http://id.loc.gov/authorities/names/no2007101728 
710 2 |a Information Technology Laboratory (National Institute of Standards and Technology).  |b Information Access Division.  |0 http://id.loc.gov/authorities/names/no2011180823 
830 0 |a NISTIR ;  |v 7377.  |0 http://id.loc.gov/authorities/names/n88507971 
856 4 0 |u https://purl.fdlp.gov/GPO/gpo99544  |t 0 
999 f f |s 8c790d7b-2af8-3fdc-8c82-7f70657c8cfa  |i 35698b38-3b8d-39ec-89a6-f2bc5f3b2830  |t 0 
952 f f |a Texas A&M University  |b College Station  |c Electronic Resources  |d Available Online  |t 0  |e C 13.58:7377  |h Superintendent of Documents classification 
998 f f |a C 13.58:7377  |t 0  |l Available Online